| 000 | 01015nam a22003137a 4500 | ||
|---|---|---|---|
| 001 | 000675 | ||
| 003 | DO-SdBNP | ||
| 005 | 20180213153058.0 | ||
| 007 | 000675 | ||
| 008 | 161110b 2004 mx a ||||| |||| 00| 0 spa d | ||
| 020 | _a9681906233 | ||
| 040 |
_aBPMSU _bspa _cBPMSU |
||
| 082 |
_axxxx _bxxxx |
||
| 100 | 1 | _aHolmelund Minarik, Else | |
| 240 | 1 |
_aLittle Bear's visit. _lEspañol |
|
| 245 | 1 | 0 |
_aLa visita de Osito / _cElse Holmelund Minarik ; ilustraciones de Maurice Sendak ; traducción, María Puncel. |
| 250 | _a4ª reimp. | ||
| 260 |
_aMaéxico : _bAlfaguara, _c2004. _f2006. |
||
| 300 |
_a63 p. : _bil. ; _c19 cm. |
||
| 490 | 1 |
_aInfantil Alfaguara _8amarilla |
|
| 500 | _aPara niños a partir de los 6 años. | ||
| 500 | _aCuarta reimpresión: abril de 2006 | ||
| 700 | 1 | 2 |
_aSendak, Maurice, _eil. |
| 700 | 1 | 2 |
_aPuncel, María, _etr. |
| 830 | 0 |
_aInfantil Alfaguara _gamarilla |
|
| 942 |
_2ddc _cBK |
||
| 945 | _aInventariado, 2018/ YL | ||
| 956 |
_2LOPEREZ _310 _620161110 _8BPMSU _a00041 |
||
| 999 |
_c11884 _d11884 |
||